00532nam a2200169Ia 4500003000400000005001700004008004100021040000600062082001600068100001900084245009200103260008400195300001200279650002600291650002700317700001800344OSt20250827110010.0250310s9999||||xx |||||||||||||| ||und|| c. a621.3bT398 aTheraja, B. L. 0aA Textbook of Electrical technology in S.I. units /cby B. L. Theraja and A. K. Theraja aNew Delhi :bPublication Division of Nirja Construction and Development,c1992. a1867 p. 0aElectrical technology 0aElectrical Engineering aTheraja, A.K.